|
|
|
|
| LEADER |
00000nab a2200000u 4500 |
| 001 |
vtls011904756 |
| 003 |
SK-MaSNL |
| 005 |
20260303203135.0 |
| 008 |
191203|20191128xo ||||||| || ||slo| |
| 038 |
|
|
|a KEVKJB
|
| 040 |
|
|
|a KEVKJB
|b slo
|e rda
|
| 041 |
0 |
|
|a slo
|
| 043 |
|
|
|a e-xo---
|
| 044 |
|
|
|a xo
|c SK
|
| 072 |
|
7 |
|a 72/76
|x Výtvarné umenie
|2 konspekt
|
| 080 |
|
|
|a 72/76
|2 2011
|
| 100 |
1 |
|
|a Ogurčáková, Jana
|4 aut
|9 835010
|
| 245 |
1 |
0 |
|a V Košiciach pribudla monumentálna maľba
|b poľskému umelcovi pomáhali na streche aj furčianski školáci
|c Jana Ogurčáková
|
| 300 |
|
|
|b Fotografie
|
| 336 |
|
|
|a text
|b txt
|2 rdacontent
|
| 337 |
|
|
|a bez média
|b n
|2 rdamedia
|
| 338 |
|
|
|a zväzok
|b nc
|2 rdacarrier
|
| 610 |
2 |
7 |
|a Základná škola Ľudovíta Fullu (Košice, Slovensko)
|2 SNKKA
|9 31681
|
| 610 |
2 |
7 |
|a Street Art Communication (Košice, Slovensko)
|2 kevkjb
|9 1089771
|
| 650 |
0 |
7 |
|a pouličné umenie
|2 SNKPH
|9 169848
|
| 651 |
|
7 |
|a Košice (Slovensko)
|2 SNKPHgeo
|9 18694
|
| 651 |
|
7 |
|a Dargovských hrdinov (Košice III, Slovensko)
|2 SNKPHgeo
|9 29903
|
| 773 |
0 |
|
|t Korzár
|g Roč. XXII., č. 277 (28.11.2019), s. 9
|x 2585-7355
|
| 852 |
|
|
|a KEVKJB
|b KIS3GCP
|
| 856 |
4 |
1 |
|u https://kosice.korzar.sme.sk/c/22269788/v-kosiciach-pribudla-monumentalna-malba-je-na-streche.html
|
| 999 |
|
|
|c 2183813
|d 2185743
|